| 000 | nam a22 a 4500 | ||
|---|---|---|---|
| 999 |
_c2979 _d2979 |
||
| 005 | 20170519083435.0 | ||
| 008 | 170519b1985 my ||||| |||| 00| 0 may d | ||
| 040 | _aAKMAL | ||
| 082 | _a658 STE | ||
| 090 |
_a658 _bSTE |
||
| 100 |
_aStewart, Rosemary _96231 |
||
| 245 |
_aHakikat organisasi / _cRosemary Stewart |
||
| 260 |
_aKuala Lumpur _bDewan Bahasa dan Pustaka _c1985 |
||
| 300 |
_axiii, 182p _c22cm |
||
| 650 |
_aManagement _91462 |
||
| 942 |
_2ddc _cBOOK |
||